Places that use the South African rand - Statistics

General Stats
  • This quiz has been taken 50 times
  • The average score is 5 of 5
Answer Stats
Answer % Correct
Lesotho
98%
Namibia
95%
South Africa
88%
Swaziland
85%
Zimbabwe
85%
No matching quizzes found
Score Distribution
Percent of People with Each Score
Percentile by Number Answered
Your Score History
You have not taken this quiz